000 00793nam a22002537a 4500
005 20170123162318.0
010 _aA-412087
020 _c15.00
035 _aA-412087
037 _bCen Lib/Ret
040 _aDPL
_bUR
082 _a841
_bه ل ا
100 _a ھلال سیو هاروی
_9421
245 _aانگوٹھا چھآپ /
_c ھلال سیو هاروی
246 _aAngotha chhap /
_bby Halal Seeharvi
260 _a دہلی
_bشان ہند پبلشرز
_c1990
270 _b دہلی
_e110006
_aکوچہ چیللان
300 _a135p.
_c17cm(Hb)
650 _a ادب - اردو
_9115869
650 _a اردوشاعری
_9115870
650 _aLiterature -- Urdu
_9115871
650 _aUrdu poetry
_9115872
942 _2ddc
_cUR
_h841
_mه ل ا
999 _c106887
_d106887